000 00444nam a2200181Ia 4500
001 20555
005 20260306172814.0
008 260306t2011||||xx |||||||||||||| ||spa||
041 _aESP
082 _a343.4
_bF59
100 _aFlores Dapkevicius, Rubén
_eAUT
245 0 _aAmparo hábeas corpus y habeas data
260 _c2011
300 _axiv, 327 páginas :
_c23 cm.
650 _aGEN
654 _aCDE
942 _cLIB
_dJUS
_fJUS
_2ddc
_n
999 _c20555
_d20555